000
00244 a2200097 4500
001
13001
100
_a
Foster,B.R
245
_a
Epic of Gilgamesh: New Translation Analogues Criticism
260
_a
_b
W W Norton & Company
_c
090
_c
10005
_d
10005
942
_a
NUST-CAE
_c
M
_c
10
999
_c
248074
_d
248074